000 00509nam a2200193Ia 4500
008 220216s9999 xx 000 0 und d
100 _aNair N.R.
245 0 _aStudies on blends of superior processing natural rubber and EPDM
260 _bIndian Journal of Natural Rubber Research
_c1992
300 _a78-85
650 _aBlend
650 _aEPDM
650 _aExtrusion
650 _aNatural rubber
650 _aOzone resistance
700 _aGeorge K.M.
700 _aMathew N.M.
942 _cBS
999 _c50912
_d50912